Lakes 7-to-1 Quiz Stats

 Plays Quiz not verified by Sporcle

Challenge
Share
Tweet
Score 0/28 Timer 06:00
7 Plays Today
% Correct
Ontario
94.6%
Superior
94.4%
Erie
94.4%
Michigan
94.3%
Huron
93%
Derwent Water
88.6%
Lough Neagh
88.2%
Windermere
87.6%
Barton Broad
86.7%
Baikal
82.3%
Martin Mere
82%
Titicaca
81.5%
Malawi
80%
Ullswater
78.7%
% Correct
Llyn Tegid
77.2%
Teletskoye
75.1%
Tanganyika
73.5%
Argentino
71.6%
Chilika
60.4%
Loktak
58.2%
Ladoga
50%
Onega
47.7%
Yessey
46.8%
Wular
45.3%
Rukwa
37%
Son Beel
34.8%
Taupo
30.6%
Topozero
30.3%

You're not logged in!

Compare scores with friends on all Sporcle quizzes.
OR
Log In

You Might Also Like...

Show Comments

Extras

Top Quizzes Today


Score Distribution

Your Account Isn't Verified!

In order to create a playlist on Sporcle, you need to verify the email address you used during registration. Go to your Sporcle Settings to finish the process.

Report this User

Report this user for behavior that violates our Community Guidelines.

Details: